| 000 | 00428nam a2200181Ia 4500 | ||
|---|---|---|---|
| 001 | 4601 | ||
| 005 | 20260306145808.0 | ||
| 008 | 260306t2002||||xx |||||||||||||| ||spa|| | ||
| 041 | _aESP | ||
| 082 |
_a327.2 _bW943 2002 |
||
| 100 |
_aWieland Alzamora, Hubert _eAUT |
||
| 245 | 0 | _aManual del diplomático | |
| 260 | _c2002 | ||
| 300 |
_a174 páginas : _c22 cm. |
||
| 650 | _aGEN | ||
| 654 | _aCHU | ||
| 942 |
_cLIB _dJUS _fJUS _2ddc _n |
||
| 999 |
_c4601 _d4601 |
||